Normal view
MARC view
- ABBOTT,L.PATRICK
Entry Personal Name
001 - CONTROL NUMBER
- control field: 109673
003 - CONTROL NUMBER IDENTIFIER
- control field: NUST
005 - DATE AND TIME OF LATEST TRANSACTION
- control field: 20230301103420.0
008 - FIXED-LENGTH DATA ELEMENTS
- fixed length control field: 230301|| aca||aabn | a|a d
040 ## - CATALOGING SOURCE
- Original cataloging agency: NUST
- Transcribing agency: NUST
100 ## - HEADING--PERSONAL NAME
- Personal name: ABBOTT,L.PATRICK
670 ## - SOURCE DATA FOUND
- Source citation: Work cat.: (NUST): ABBOTT,L.PATRICK., NATURAL DISASTERS /, 2008.
